[Event "US op 124th"]
[Site "Norfolk"]
[Date "2024.07.28"]
[Round "2"]
[White "Ho, Ryan"]
[Black "Massey, Scott"]
[Result "0-1"]
[WhiteElo "1789"]
[BlackElo "2175"]
[PlyCount "88"]
[EventDate "2024.07.27"]
[EventType "swiss"]
[EventRounds "9"]
[EventCountry "USA"]
[SourceTitle "EXT 2025"]
[Source "ChessBase"]
[SourceDate "2024.10.14"]
[SourceVersion "1"]
[SourceVersionDate "2024.10.14"]
[SourceQuality "1"]

1. e4 e6 2. d4 d5 3. Nd2 Nf6 4. e5 Nfd7 5. Bd3 c5 6. c3 Nc6 7. Ne2 cxd4 8. cxd4 f6 9. exf6 Qxf6 10. Nf3 h6 11. 0-0 Bd6 12. Ng3 0-0 13. Bb1 Rd8 14. Re1 Nf8 15. a3 Bd7 16. b4 Be8 17. Bb2 Rac8 18. Qe2 Bf4 19. Bc2 Bg6 20. Bxg6 Qxg6 21. Nh4 Qf7 22. Qg4 Bd2 23. Re2 Bg5 24. Nf3 Qf4 25. Qh3 Qf6 26. Nxg5 Qxg5 27. Rd1 Ne7 28. Re5 Qg6 29. Rde1 Rc2 30. Ba1 Rdc8 31. Ne2 Qf6 32. Qd3 Neg6 33. Re3 a6 34. Rf3 Qg5 35. Bc3 Nh4 36. Rg3 Qf5 37. Qe3 Qf6 38. f4 Ra2 39. Qc1 Qf5 40. Rh3 Nfg6 41. Qe3 Rxa3 42. Rc1 Ra2 43. Ng3 Rxg2+ 44. Kh1 Qxh3 0-1